000 00440nam a2200169 i 4500
001 bg
100 1 _aRAJCHERT, Franciszek.
245 0 _aTyrystory i ich zastosowania /
_cFranciszek Rajchert, Adam Sitnik, Jerzy Stępień.
260 _aWarszawa,
_c1977.
700 1 _aSITNIK, Adam.
700 1 _aSTĘPIEŃ, Jerzy.
040 _cBPK
041 _apol
080 _a621.382
942 _cKS
008 s pl f |000 0 pol
999 _c17486
_d17486
856 _uhttp://koha.tu.koszalin.pl/cgi-bin/koha/opac-detail.pl?biblionumber=17486
_yKatalog online BPK